|
|
|
|
| LEADER |
00000nab#a22000007a#4500 |
| 001 |
arbauad029292 |
| 003 |
AR-BaUAD |
| 005 |
20250711112355.0 |
| 008 |
971124|||||||||###||||||b###|0###a|spa|| |
| 040 |
|
|
|a AR-BaUAD
|c AR-BaUAD
|b spa
|
| 100 |
|
|
|a Castelli, Clino Trini
|
| 245 |
|
|
|a Stand al Salone del mobile :
|b dossier /
|c Clino Trini Castelli; Vanni Pasca; Nadia Lionello;
|
| 300 |
0 |
|
|b fot., il., plantas
|
| 500 |
|
|
|a Numeración independiente a partir de la página 111 de la revista.
|
| 653 |
|
|
|a ITALIA
|
| 653 |
|
|
|a MILAN
|
| 653 |
|
|
|a EXPOSICIONES
|
| 653 |
|
|
|a SALONE INTERNAZIONALE DEL MOBILE
|
| 653 |
|
|
|a FERIAS
|
| 653 |
|
|
|a MUEBLES
|
| 653 |
|
|
|a B&B ITALIA
|
| 653 |
|
|
|a BOFFI
|
| 653 |
|
|
|a EDRA-MAZZEI
|
| 653 |
|
|
|a GIORGETTI
|
| 653 |
|
|
|a LIVING DIVANI
|
| 653 |
|
|
|a POLIFORM
|
| 653 |
|
|
|a EQUIPAMIENTO
|
| 653 |
|
|
|a STANDS
|
| 653 |
|
|
|a DISEÑO DE INTERIORES
|
| 653 |
|
|
|a DISEÑO INDUSTRIAL
|
| 700 |
1 |
|
|a Pasca, Vanni
|
| 700 |
1 |
|
|a Lionello, Nadia
|
| 773 |
0 |
|
|t INTERNI
|g no. 473 [set. 1997], p. 111
|
| 942 |
|
|
|c ARTI
|
| 952 |
|
|
|0 0
|1 0
|4 0
|7 0
|9 74211
|a AR-BAuAD
|b AR-BAuAD
|d 2025-07-11
|l 0
|p AAQA029292
|r 2025-07-11 11:23:55
|w 2025-07-11
|y ARTI
|
| 990 |
|
|
|a AQ199
|b TD
|
| 990 |
|
|
|a DI199
|b TD
|
| 998 |
|
|
|a AAQ
|b BIBUN76
|
| 999 |
|
|
|c 53884
|d 53884
|